[Event "SCO-ch 124th"]
[Site "Dundee"]
[Date "2017.07.22"]
[Round "8"]
[White "Milton, Carl"]
[Black "Parks, Joseph"]
[Result "1-0"]
[WhiteElo "1774"]
[BlackElo "1891"]
[PlyCount "111"]
[EventDate "2017.07.15"]
[EventType "swiss"]
[EventRounds "9"]
[EventCountry "SCO"]
[SourceTitle "EXT 2018"]
[Source "ChessBase"]
[SourceDate "2017.10.13"]
[SourceVersion "1"]
[SourceVersionDate "2017.10.13"]
[SourceQuality "1"]

1. Nf3 d5 2. g3 Nf6 3. c4 e6 4. Bg2 g6 5. 0-0 Bg7 6. Nc3 c6 7. d4 0-0 8. b3 Nbd7 9. Bf4 Qa5 10. Qd2 Re8 11. Nxd5 Qxd2 12. Nxf6+ Bxf6 13. Bxd2 e5 14. dxe5 Nxe5 15. Nxe5 Bxe5 16. Rad1 Bc7 17. Be3 Bf5 18. Bf3 Rad8 19. Bg5 Rxd1 20. Rxd1 Kg7 21. Kg2 h6 22. Be3 Be5 23. g4 Be6 24. Bd4 Kf6 25. Bxe5+ Kxe5 26. Kg3 f5 27. e3 Rf8 28. h3 fxg4 29. Bxg4 Bxg4 30. hxg4 Ke6 31. c5 h5 32. Rd6+ Ke5 33. Rxg6 h4+ 34. Kg2 h3+ 35. Kg3 Ke4 36. Re6+ Kd5 37. Rh6 Kxc5 38. Rxh3 Rd8 39. Rh7 Kb6 40. g5 Rd1 41. Kf4 Rd2 42. f3 Rg2 43. e4 a5 44. a4 c5 45. Kf5 Rg3 46. Kf4 Rg2 47. Rh3 c4 48. bxc4 Kc5 49. Rg3 Rh2 50. g6 Rh8 51. g7 Rg8 52. Kf5 Kb4 53. Kf6 Kxa4 54. Kf7 Rc8 55. g8Q Rxg8 56. Rxg8 1-0

[Event "Dundee & Angus op"]
[Site "Dundee"]
[Date "2016.10.09"]
[Round "5"]
[White "Kosznik, Dariusz"]
[Black "Milton, Carl"]
[Result "1-0"]
[WhiteElo "1718"]
[BlackElo "1743"]
[PlyCount "59"]
[EventDate "2016.10.07"]
[EventType "swiss"]
[EventRounds "5"]
[EventCountry "SCO"]
[SourceTitle "EXT 2023"]
[Source "ChessBase"]
[SourceDate "2022.10.05"]
[SourceVersion "1"]
[SourceVersionDate "2022.10.05"]
[SourceQuality "1"]

1. d4 d5 2. Nf3 Nf6 3. e3 Bf5 4. c4 c6 5. Nc3 e6 6. Qb3 Qb6 7. c5 Qc7 8. Be2 Nbd7 9. Nh4 Bg4 10. f3 Bh5 11. g4 Bg6 12. f4 Be4 13. 0-0 Be7 14. g5 Ng8 15. Nxe4 dxe4 16. f5 0-0-0 17. fxe6 fxe6 18. Qxe6 Bxg5 19. Nf5 Nh6 20. Nd6+ Kb8 21. Bd2 Rhf8 22. b4 Rf6 23. Rxf6 gxf6 24. b5 b6 25. bxc6 Qxc6 26. Bb5 Qc7 27. Rc1 bxc5 28. Bxd7 Rxd7 29. Rb1+ Ka8 30. Qxe4+ 1-0

[Event "Dundee & Angus op"]
[Site "Dundee"]
[Date "2016.10.08"]
[Round "2"]
[White "Milton, Carl"]
[Black "Rutherford, Kathleen"]
[Result "1-0"]
[WhiteElo "1743"]
[BlackElo "1540"]
[PlyCount "69"]
[EventDate "2016.10.07"]
[EventType "swiss"]
[EventRounds "5"]
[EventCountry "SCO"]
[SourceTitle "EXT 2023"]
[Source "ChessBase"]
[SourceDate "2022.10.05"]
[SourceVersion "1"]
[SourceVersionDate "2022.10.05"]
[SourceQuality "1"]

1. d4 Nf6 2. c4 d6 3. Nf3 g6 4. Nc3 Bg7 5. e4 0-0 6. Be2 c5 7. 0-0 cxd4 8. Nxd4 Nc6 9. Be3 Bd7 10. f3 b6 11. Qd2 Nxd4 12. Bxd4 Rc8 13. Rfd1 h5 14. Rac1 Ne8 15. Rc2 Nc7 16. Rdc1 Bxd4+ 17. Qxd4 Ne6 18. Qe3 Kg7 19. e5 dxe5 20. Qxe5+ Kg8 21. Rd1 Rc5 22. Qe3 Qc8 23. Nd5 Re8 24. Rcd2 Rc6 25. Qa3 Nc5 26. Qxa7 Rd6 27. Nxb6 Qc6 28. Nxd7 Rxd7 29. Rxd7 Nxd7 30. Qxd7 Qc5+ 31. Qd4 Qa5 32. a3 e5 33. Qd5 Qb6+ 34. c5 Qxb2 35. Bc4 1-0

[Event "SCO-ch 123rd"]
[Site "Glasgow"]
[Date "2016.07.14"]
[Round "6"]
[White "Milton, Carl"]
[Black "Giulian Jackson, Rosemary"]
[Result "1/2-1/2"]
[WhiteElo "1751"]
[BlackElo "1877"]
[PlyCount "49"]
[EventDate "2016.07.09"]
[EventType "swiss"]
[EventRounds "9"]
[EventCountry "SCO"]
[SourceTitle "CBM 173 Extra"]
[Source "ChessBase"]
[SourceDate "2016.08.29"]
[SourceVersion "1"]
[SourceVersionDate "2016.08.29"]
[SourceQuality "1"]

1. d4 e6 2. c4 Nf6 3. Nf3 Bb4+ 4. Bd2 a5 5. g3 b6 6. Bg2 Bb7 7. 0-0 0-0 8. Bf4 Be7 9. Nc3 Ne4 10. Nb5 c6 11. Nc3 Nxc3 12. bxc3 d6 13. Rb1 Nd7 14. Qb3 Rc8 15. e4 Ba6 16. Rfc1 c5 17. e5 dxe5 18. Nxe5 Nxe5 19. Bxe5 f6 20. Qxb6 Qxb6 21. Rxb6 Bxc4 22. Bd6 Bxd6 23. Rxd6 cxd4 24. Rxd4 Rfd8 25. a3 1/2-1/2

[Event "Dundee & Angus op"]
[Site "Dundee"]
[Date "2015.10.10"]
[Round "3"]
[White "Milton, Carl"]
[Black "Borwell, Alan Peter"]
[Result "1/2-1/2"]
[WhiteElo "1675"]
[BlackElo "1989"]
[PlyCount "22"]
[EventDate "2015.10.09"]
[EventType "swiss"]
[EventRounds "5"]
[EventCountry "SCO"]
[SourceTitle "EXT 2023"]
[Source "ChessBase"]
[SourceDate "2022.10.05"]
[SourceVersion "1"]
[SourceVersionDate "2022.10.05"]
[SourceQuality "1"]

1. d4 Nf6 2. c4 e6 3. Nf3 b6 4. Nc3 Bb4 5. Qc2 Bb7 6. g3 c5 7. dxc5 bxc5 8. Bg2 Be4 9. Qb3 d5 10. cxd5 Bxd5 11. Qc2 Be4 1/2-1/2

[Event "Glorney Cup"]
[Site "Enfield"]
[Date "2015.07.22"]
[Round "5.8"]
[White "Milton, Carl"]
[Black "Gallagher, Daniel GH"]
[Result "0-1"]
[WhiteElo "1777"]
[BlackElo "1902"]
[PlyCount "64"]
[EventDate "2015.07.20"]
[EventType "team-schev"]
[EventRounds "6"]
[EventCountry "IRL"]
[SourceTitle "CBM 167 Extra"]
[Source "ChessBase"]
[SourceDate "2015.09.14"]
[SourceVersion "1"]
[SourceVersionDate "2015.09.14"]
[SourceQuality "1"]
[WhiteTeam "Scotland"]
[BlackTeam "England"]
[WhiteTeamCountry "SCO"]
[BlackTeamCountry "ENG"]

1. d4 Nf6 2. c4 g6 3. Nc3 Bg7 4. e4 d6 5. Nf3 0-0 6. Be2 e5 7. 0-0 Nc6 8. d5 Ne7 9. b4 Nh5 10. Re1 a5 11. bxa5 Rxa5 12. Nd2 Nf4 13. Bf1 c5 14. dxc6 bxc6 15. Nb3 Ra8 16. Qc2 f5 17. c5 d5 18. exd5 Nexd5 19. Bb2 Nb4 20. Bc4+ Kh8 21. Qb1 Qg5 22. g3 Nh3+ 23. Kg2 f4 24. Ne4 Qh5 25. Nbd2 Nxf2 26. Nxf2 fxg3 27. hxg3 Rxf2+ 28. Kxf2 Qh2+ 29. Ke3 Bf5 30. Ne4 Bh6+ 31. Kf3 Bg4+ 32. Kxg4 Qh5# 0-1

[Event "Glorney Cup"]
[Site "Enfield"]
[Date "2015.07.21"]
[Round "4.3"]
[White "Byrne, Alex"]
[Black "Milton, Carl"]
[Result "1/2-1/2"]
[WhiteElo "1558"]
[BlackElo "1777"]
[PlyCount "57"]
[EventDate "2015.07.20"]
[EventType "team-schev"]
[EventRounds "6"]
[EventCountry "IRL"]
[SourceTitle "CBM 167 Extra"]
[Source "ChessBase"]
[SourceDate "2015.09.14"]
[SourceVersion "1"]
[SourceVersionDate "2015.09.14"]
[SourceQuality "1"]
[WhiteTeam "Ireland"]
[BlackTeam "Scotland"]
[WhiteTeamCountry "IRL"]
[BlackTeamCountry "SCO"]

1. d4 d5 2. c4 c6 3. Nc3 Nf6 4. Bf4 a6 5. e3 Bf5 6. Qb3 Ra7 7. cxd5 cxd5 8. Bxb8 Qxb8 9. Nxd5 Nxd5 10. Qxd5 e6 11. Qb3 b5 12. Nf3 Rc7 13. Bd3 Bxd3 14. Qxd3 Bb4+ 15. Nd2 Qc8 16. 0-0 Rc2 17. Nb3 Qc4 18. Qxc4 bxc4 19. Nc5 Bxc5 20. dxc5 Rxb2 21. Rab1 Rxb1 22. Rxb1 Kd7 23. Rc1 Rb8 24. c6+ Kxc6 25. Rxc4+ Kd5 26. Rd4+ Kc6 27. g3 Rb2 28. Ra4 Kb5 29. Ra3 1/2-1/2

[Event "Glorney Cup"]
[Site "Enfield"]
[Date "2015.07.20"]
[Round "1.8"]
[White "Gallagher, Daniel GH"]
[Black "Milton, Carl"]
[Result "1-0"]
[WhiteElo "1902"]
[BlackElo "1777"]
[PlyCount "93"]
[EventDate "2015.07.20"]
[EventType "team-schev"]
[EventRounds "6"]
[EventCountry "IRL"]
[SourceTitle "CBM 167 Extra"]
[Source "ChessBase"]
[SourceDate "2015.09.14"]
[SourceVersion "1"]
[SourceVersionDate "2015.09.14"]
[SourceQuality "1"]
[WhiteTeam "England"]
[BlackTeam "Scotland"]
[WhiteTeamCountry "ENG"]
[BlackTeamCountry "SCO"]

1. e4 c5 2. Nf3 d6 3. d4 cxd4 4. Nxd4 Nf6 5. Nc3 g6 6. Be3 Bg7 7. f3 Nc6 8. Qd2 0-0 9. g4 Be6 10. Nxe6 fxe6 11. 0-0-0 Ne5 12. Be2 Qc7 13. Nb5 Qc6 14. Nd4 Qa4 15. Kb1 Nc4 16. Bxc4 Qxc4 17. h4 e5 18. Ne2 d5 19. exd5 e4 20. fxe4 Nxg4 21. Nd4 e5 22. b3 Qc5 23. Nf5 Nxe3 24. Qxe3 Qxe3 25. Nxe3 Rf4 26. Nc4 Rxe4 27. Nd6 Rb4 28. c3 Rb6 29. Ne4 Rd8 30. Rhf1 a5 31. c4 a4 32. Kb2 Bf8 33. Kc3 Bb4+ 34. Kc2 Be7 35. Ng5 axb3+ 36. axb3 Rd7 37. Rde1 h6 38. Nf3 Rf6 39. Nxe5 Rxf1 40. Rxf1 Rd6 41. Nf7 Ra6 42. Nxh6+ Kg7 43. Rf7+ Kxh6 44. Rxe7 b5 45. c5 Ra2+ 46. Kc3 Kh5 47. d6 1-0

[Event "SCO-ch 122nd"]
[Site "Edinburgh"]
[Date "2015.07.18"]
[Round "8"]
[White "Palaniswamy, Raja S"]
[Black "Milton, Carl"]
[Result "1/2-1/2"]
[WhiteElo "2034"]
[BlackElo "1777"]
[PlyCount "48"]
[EventDate "2015.07.11"]
[EventType "swiss"]
[EventRounds "9"]
[EventCountry "SCO"]
[SourceTitle "CBM 167 Extra"]
[Source "ChessBase"]
[SourceDate "2015.09.14"]
[SourceVersion "1"]
[SourceVersionDate "2015.09.14"]
[SourceQuality "1"]

1. e4 c5 2. Nf3 d6 3. d4 cxd4 4. Nxd4 Nf6 5. Nc3 g6 6. Be3 Bg7 7. f3 Nc6 8. Bc4 0-0 9. Qd2 Bd7 10. h4 h5 11. 0-0-0 Rb8 12. g4 b5 13. Bb3 a5 14. gxh5 Nxh5 15. Nxc6 Bxc6 16. Bh6 a4 17. Bd5 Bd7 18. Bxg7 Kxg7 19. e5 Bf5 20. exd6 Qxd6 21. Be4 Qxd2+ 22. Rxd2 Ng3 23. Rg1 Bxe4 24. fxe4 Nh5 1/2-1/2

[Event "Commonwealth-ch"]
[Site "Glasgow"]
[Date "2014.07.08"]
[Round "9"]
[White "Milton, Carl"]
[Black "Edwards, Simon R"]
[Result "1/2-1/2"]
[WhiteElo "1722"]
[BlackElo "1967"]
[PlyCount "48"]
[EventDate "2014.06.30"]
[EventType "swiss"]
[EventRounds "9"]
[EventCountry "SCO"]
[SourceTitle "CBM 161 Extra"]
[Source "ChessBase"]
[SourceDate "2014.08.29"]
[SourceVersion "1"]
[SourceVersionDate "2014.08.29"]
[SourceQuality "1"]

1. d4 Nf6 2. c4 c5 3. d5 a6 4. Nc3 b5 5. cxb5 axb5 6. Nxb5 Ba6 7. Nc3 g6 8. g3 d6 9. Bg2 Bg7 10. Nf3 Nbd7 11. 0-0 Nb6 12. Rb1 Nfd7 13. Qc2 Bc4 14. Nd2 Bxa2 15. Nxa2 Rxa2 16. Nc4 0-0 17. Na3 c4 18. Nxc4 Nxc4 19. Qxc4 Qa8 20. Qc6 Nc5 21. b4 Na4 22. Qxa8 Rxa8 23. Bf3 Rb8 24. Be3 Bb2 1/2-1/2

[Event "Commonwealth-ch"]
[Site "Glasgow"]
[Date "2014.07.04"]
[Round "4"]
[White "Kelly, J Steven"]
[Black "Milton, Carl"]
[Result "1/2-1/2"]
[WhiteElo "1944"]
[BlackElo "1722"]
[PlyCount "75"]
[EventDate "2014.06.30"]
[EventType "swiss"]
[EventRounds "9"]
[EventCountry "SCO"]
[SourceTitle "CBM 161 Extra"]
[Source "ChessBase"]
[SourceDate "2014.08.29"]
[SourceVersion "1"]
[SourceVersionDate "2014.08.29"]
[SourceQuality "1"]

1. e4 c5 2. Nf3 d6 3. Bb5+ Bd7 4. Bxd7+ Qxd7 5. 0-0 g6 6. Qe2 Bg7 7. c3 Nc6 8. Na3 Nf6 9. d4 cxd4 10. Nxd4 0-0 11. Nac2 d5 12. e5 Ne4 13. f3 Nc5 14. Nxc6 bxc6 15. Bf4 e6 16. b3 Qb7 17. Be3 Nd7 18. f4 Rfc8 19. Rfd1 Bf8 20. Qf2 Rc7 21. Nd4 Nc5 22. Nf3 Ne4 23. Qc2 Bc5 24. Bxc5 Nxc5 25. Rd4 a5 26. Nd2 Qb6 27. g4 a4 28. b4 Nd7 29. Kg2 c5 30. bxc5 Qxc5 31. Rc1 Nb6 32. Qd3 Rac8 33. Kg3 Qa5 34. Rb4 Rxc3 35. Rxc3 Qxb4 36. Rxc8+ Nxc8 37. Qc2 Nb6 38. Qc7 1/2-1/2

[Event "Commonwealth-ch"]
[Site "Glasgow"]
[Date "2014.07.04"]
[Round "5"]
[White "Milton, Carl"]
[Black "Marks, Ian Alexander"]
[Result "1-0"]
[WhiteElo "1722"]
[BlackElo "1978"]
[PlyCount "151"]
[EventDate "2014.06.30"]
[EventType "swiss"]
[EventRounds "9"]
[EventCountry "SCO"]
[SourceTitle "CBM 161 Extra"]
[Source "ChessBase"]
[SourceDate "2014.08.29"]
[SourceVersion "1"]
[SourceVersionDate "2014.08.29"]
[SourceQuality "1"]

1. c4 e5 2. Nc3 Nf6 3. g3 c6 4. d4 exd4 5. Qxd4 d5 6. Bg2 dxc4 7. Qxc4 Be6 8. Qa4 Nbd7 9. Nf3 Be7 10. 0-0 0-0 11. Rd1 Qb6 12. Nd4 Bg4 13. Qc2 Rfe8 14. Be3 Qa5 15. h3 Bh5 16. Nf5 Bc5 17. Nd6 Rxe3 18. fxe3 Bxe3+ 19. Kh2 Bg6 20. Qa4 Qe5 21. Nc4 Qg5 22. Nxe3 Qxe3 23. Qf4 Qb6 24. Qd4 Qxb2 25. Qd2 Qa3 26. Qd4 Re8 27. e4 Ne5 28. Rab1 b6 29. Rb3 Qa6 30. Re1 h5 31. Rbb1 Qb7 32. Re3 Qc7 33. Ne2 h4 34. Kh1 Rd8 35. Qc3 Rd6 36. Nf4 Bh7 37. Rbe1 Qd8 38. Qxe5 Rd2 39. R3e2 Bg6 40. Nxg6 Rxe2 41. Ne7+ Kf8 42. Rxe2 Qd1+ 43. Kh2 Qxe2 44. Nxc6 hxg3+ 45. Qxg3 Qxa2 46. Qb8+ Ne8 47. Qxa7 Qxa7 48. Nxa7 Nc7 49. Bf1 Ke8 50. Nb5 Ne6 51. Kg3 Ke7 52. Nc3 Nc5 53. Kf4 Ne6+ 54. Ke3 Kd6 55. Bc4 Nd8 56. Bd5 Kc5 57. Kd3 b5 58. Ne2 b4 59. Ng3 g6 60. Bb3 Nc6 61. Ke3 Ne5 62. Ne2 f6 63. Nf4 Nc4+ 64. Bxc4 Kxc4 65. Nxg6 Kc3 66. Nf4 Kc4 67. h4 b3 68. Nd3 f5 69. exf5 b2 70. Nxb2+ Kd5 71. Kf4 Kd6 72. Kg5 Ke7 73. Kg6 Kf8 74. f6 Kg8 75. f7+ Kf8 76. h5 1-0

[Event "Dundee & Angus op Challengers"]
[Site "Dundee"]
[Date "2012.10.14"]
[Round "4"]
[White "Kosznik, Dariusz"]
[Black "Milton, Carl"]
[Result "1-0"]
[WhiteElo "1625"]
[BlackElo "1505"]
[PlyCount "40"]
[EventDate "2012.10.12"]
[EventType "swiss"]
[EventRounds "5"]
[EventCountry "SCO"]
[SourceTitle "EXT 2017"]
[Source "ChessBase"]
[SourceDate "2016.10.25"]
[SourceVersion "1"]
[SourceVersionDate "2016.10.25"]
[SourceQuality "1"]

1. d4 d5 2. c4 c6 3. Nc3 Nf6 4. e3 e6 5. Nf3 Nbd7 6. a3 Be7 7. Bd3 a6 8. Kf1 dxc4 9. Bxc4 b5 10. Ba2 c5 11. d5 exd5 12. Nxd5 Bb7 13. e4 0-0 14. Bf4 Re8 15. Nc7 Nxe4 16. Nxa8 Bxa8 17. Qc2 Ng5 18. Nxg5 Bxg5 19. Bg3 Qb6 20. Qf5 Qc6 1-0